| 000 | 03670nam a22003377a 4500 | ||
|---|---|---|---|
| 003 | GR-AtMCL | ||
| 005 | 20250805110839.0 | ||
| 006 | a|||||r|||| 00| 0 | ||
| 008 | 250805b |||||||| |||| 00| 0 eng d | ||
| 020 | _a9789600124606 | ||
| 040 |
_aGR-AtMCL _bgre _dGR-AtMCL |
||
| 041 | 1 | _heng | |
| 100 |
_aPalaiologou, Ioanna _99961 |
||
| 240 | 1 | 0 |
_aChild observation. _lΕλληνικά |
| 245 | 1 | 0 |
_aΠαρατήρηση του παιδιού : _bεφαρμογές στην παιδαγωγική έρευνα και πρακτική / _cIoanna Palaiologou ; επιστημονική επιμέλεια Ελένη Μουσένα ; μετάφραση Αγγελική Γκίκα, Χρυσάνθη Παρτσανάκη, Άννα-Μαρία Χατζηστυλιανού |
| 264 | 1 |
_aΑθήνα : _bΕκδόσεις Gutenberg, _c2023 |
|
| 300 |
_a437 σελίδες : _bεικονογράφηση (ασπρόμαυρη) ; _c24 εκ. |
||
| 500 | _aΤο κείμενο είναι μεταφρασμένο από τα αγγλικά | ||
| 504 | _actins | ||
| 520 | _aΗ παρατήρηση του παιδιού αποτελεί τη βάση της εδραίωσης των επιστημών της ψυχολογίας και της παιδαγωγικής. Η γνώση όλων των μορφών και των παραμέτρων της παρατήρησης, όπως παρουσιάζονται στο παρόν βιβλίο, είναι απαραίτητη τόσο για την κατανόηση της θεωρίας όσο και για τις εκπαιδευτικές πρακτικές. Η διαδικασία της παρατήρησης, των καταγραφών και της παιδαγωγικής τεκμηρίωσης είναι από τη φύση της μια δημοκρατική ερευνητική και επαγγελματική διαδικασία. Τα κεφάλαια του βιβλίου καλύπτουν μεγάλο εύρος των ζητημάτων που αναφύονται με την ανάπτυξη και τη διαπαιδαγώγηση του παιδιού. Αναλύονται οι μορφές και οι τεχνικές παρατήρησης, καθώς και η πραγματοποίηση της παρατήρησης κατά την ανάπτυξη του παιδαγωγικού προγράμματος. Η ελληνική έκδοση του βιβλίου εμπλουτίζει την υπάρχουσα βιβλιογραφία στη μεθοδολογία της έρευνας και της παιδαγωγικής πράξης. Απευθύνεται σε προπτυχιακούς και μεταπτυχιακούς φοιτητές, σε επαγγελματίες παιδαγωγούς προσχολικής ηλικίας και εκπαιδευτικούς όλων των βαθμίδων, σε επαγγελματίες της ειδικής αγωγής και εκπαίδευσης, σε ψυχολόγους, κοινωνικούς λειτουργούς και άλλους επιστήμονες. | ||
| 650 | 0 |
_aΑγωγή _99954 |
|
| 650 | 0 |
_aΕκπαίδευση _99953 |
|
| 650 | 0 |
_aΠαρατήρηση (Εκπαιδευτική μέθοδος) _99962 |
|
| 650 | 0 |
_aΕκπαίδευση στην πρώιμη παιδική ηλικία _99951 |
|
| 700 |
_aΜουσένα, Ελένη _4340 _99963 |
||
| 700 |
_aΓκίκα, Αγγελική _4730 _99964 |
||
| 700 |
_aΠαρτσανάκη, Χρυσάνθη _4730 _99965 |
||
| 700 |
_aΧατζηστυλιανού, Άννα-Μαρία, _4730 _99966 |
||
| 942 | _cBK | ||
| 999 |
_c9872 _d9872 |
||